000 01220nam0a2200301 4500
001 RU\NLR\bibl\453533
005 20250623182229.0
010 _a5-94275-056-4
_9400
021 _aRU
_b2003-56143
_92731
035 _a(NLR Aleph) 000447145
090 _a850660
_c850660
100 _a20031031d2003 |||y0rusy50 ca
101 0 _arus
102 _aRU
105 _aa |||||||||
200 1 _aТеория и методология управления природоохранными расходами промышленного предприятия
_fЕ.И. Епифанцева
210 _aМ.
_cМашиностроение-1
_d2003
215 _a319,[1] с.
_cил.
_d20
320 _aБиблиогр.: с. 298-318 (442 назв.)
606 0 _aПромышленные предприятия
_xОхрана природы
_xЗатраты
_xУправление
_92307036
_3RU\NLR\auth\661380909
686 _aУ28(2)530-862
700 1 _4070
_aЕпифанцева
_bЕ. И.
_cд-р экон. наук
_f1954-
_gЕлена Ивановна
_9147445
_3RU\NLR\AUTH\770147481
801 0 _aRU
_bNLR
_c20031031
_gPSBO
801 1 _aRU
_bNLR
_c20031031
942 _cBOOK
980 _aNB